Jardines (Record no. 156529)

MARC details
000 -LEADER
fixed length control field 00511nam a22001817a 4500
005 - DATE AND TIME OF LATEST TRANSACTION
control field 20210628124340.0
008 - FIXED-LENGTH DATA ELEMENTS--GENERAL INFORMATION
fixed length control field 210628b sp ||||| |||| 00| 0 spa d
050 04 - LIBRARY OF CONGRESS CALL NUMBER
Classification number SB419
Item number I36 1993
100 1# - MAIN ENTRY--PERSONAL NAME
Personal name Igoa, José Ma.
245 10 - TITLE STATEMENT
Title Jardines
Statement of responsibility, etc / José Ma. Igoa
250 ## - EDITION STATEMENT
Edition statement 1a ed.
260 ## - PUBLICATION, DISTRIBUTION, ETC. (IMPRINT)
Place of publication, distribution, etc Barcelona, España :
Name of publisher, distributor, etc Ceac,
Date of publication, distribution, etc 1993
300 ## - PHYSICAL DESCRIPTION
Extent 144 p. :
Other physical details il.;
Dimensions 22 cm.
500 ## - GENERAL NOTE
General note Índice
500 ## - GENERAL NOTE
General note Monografías Ceac de la construcción
650 #7 - SUBJECT ADDED ENTRY--TOPICAL TERM
Source of heading or term Lemb
Topical term or geographic name as entry element Jardines
General subdivision Diseño
942 ## - ADDED ENTRY ELEMENTS (KOHA)
Source of classification or shelving scheme Biblioteca del Cogreso de los Estados Unidos
Koha item type Libro
Holdings
Estado de pérdida Fuente de clasificación Estado del daño No para préstamo Ubicación permanente Ubicación actual Apartado o colección Fecha de adquisición Edición Área del conocimiento Total Checkouts Clasificación Código de Barras Date last seen Número de copia Costo por reposición Tipo de recurso
  Biblioteca del Cogreso de los Estados Unidos     Biblioteca de la Facultad de Arquitectura Biblioteca de la Facultad de Arquitectura General 28/06/2021 1a ed. Ciencias Naturales y Exactas   SB419 I36 1993 BFA000004332 28/06/2021 C:1 1.00 Libro